International Society of the Built Environment (Record no. 120574)
[ view plain ]
| 000 -LEADER | |
|---|---|
| fixed length control field | 00771cam a2200169 4500 |
| 001 - CONTROL NUMBER | |
| control field | ##L136311 |
| 008 - FIXED-LENGTH DATA ELEMENTS--GENERAL INFORMATION | |
| fixed length control field | 070123n 000 0 eng u |
| 035 ## - SYSTEM CONTROL NUMBER | |
| System control number | (Sirsi) u136311 |
| 041 0# - LANGUAGE CODE | |
| Language code of text/sound track or separate title | eng |
| 110 2# - MAIN ENTRY--CORPORATE NAME | |
| Corporate name or jurisdiction name as entry element | International Society of the Built Environment |
| 9 (RLIN) | 5106 |
| 245 00 - TITLE STATEMENT | |
| Title | International Society of the Built Environment |
| Medium | [electronic resource] |
| 520 ## - SUMMARY, ETC. | |
| Summary, etc. | Website for this association for those interested in all aspects of the indoor and built environment, including indoor air quality. Website includes information about the association and its journal, "Indoor and Built Environment". |
| 651 #4 - SUBJECT ADDED ENTRY--GEOGRAPHIC NAME | |
| Geographic name | International |
| 690 ## - LOCAL SUBJECT ADDED ENTRY--TOPICAL TERM (OCLC, RLIN) | |
| Topical term or geographic name as entry element | BUILT ENVIRONMENT |
| 856 40 - ELECTRONIC LOCATION AND ACCESS | |
| Uniform Resource Identifier | <a href="https://www.isbe.demon.co.uk/">https://www.isbe.demon.co.uk/</a> |
| Public note | View the website free of charge at www.isbe.demon.co.uk... |
| 942 ## - ADDED ENTRY ELEMENTS (KOHA) | |
| Suppress in OPAC | 0 |
| Withdrawn status | Lost status | Source of classification or shelving scheme | Damaged status | Not for loan | Home library | Current library | Shelving location | Date acquired | Total Checkouts | Full call number | Barcode | Date last seen | Copy number | Price effective from | Koha item type |
|---|---|---|---|---|---|---|---|---|---|---|---|---|---|---|---|
| Dewey Decimal Classification | Virtual | Virtual | Online | 23/01/2007 | WEB SITE | 136311-2001 | 06/08/2019 | 1 | 06/08/2019 | Online material |